|
|
|
|
| LEADER |
00000ny a22000003n 4500 |
| 005 |
20110615142135.0 |
| 008 |
080612s2008 sp s 000 0 spa c |
| 035 |
|
|
|a 77
|
| 040 |
|
|
|a UMA.RE
|d vLex
|
| 080 |
|
|
|a 347.961.4(460)(083.2)(0.034)
|
| 090 |
|
|
|c 724
|d 724
|
| 100 |
1 |
|
|a Faus, Manuel
|
| 245 |
1 |
0 |
|a Formularios de actas y poderes notariales
|h [Recurso electrn̤ico]
|c Manuel Faus
|
| 256 |
|
|
|a Servicio en ln̕ea
|
| 260 |
|
|
|a [Barcelona] :
|b vLex,
|c 2008
|
| 650 |
0 |
4 |
|a Documentos pb︢licos
|z Espaą
|x Formularios
|
| 650 |
0 |
4 |
|a Notariado
|z Espaą
|x Formularios
|
| 740 |
0 |
|
|a vLex Libros (Servicios en ln̕ea)
|
| 856 |
4 |
0 |
|z Acceso restringido
|u http://vlex.com/source/77
|
| 942 |
|
|
|c BOOK
|
| 999 |
0 |
4 |
|a Public records
|b Barcelona
|v En ln̕ea.
|
| 999 |
0 |
4 |
|a Protocolos notariales
|z Espaą
|v En ln̕ea.
|